| 000 | 00837nam a22002537a 4500 | ||
|---|---|---|---|
| 999 |
_c14298 _d14298 |
||
| 003 | AR-CdUCM | ||
| 008 | 190422b ||||| |||| 00| 0 spa d | ||
| 020 | _a978-84-683-0605-6 | ||
| 040 |
_aMUNICIPALIDAD PROVINCIAL DEL CUSCO _cBIBLIOTECA MUNICIPAL DEL CUSCO |
||
| 082 |
_aPI / 803 / _bS52 |
||
| 100 |
_aSierra i Fabra, Jordi. _932979 |
||
| 245 | _aLa bella y la bestia / | ||
| 260 |
_aBarcelona : _bGrupo Edebé, _c2012. |
||
| 300 |
_a23 páginas ; _bIlustraciones, _c29 cm. |
||
| 440 |
_aCuentos tradicionales para el siglo XXI _933014 |
||
| 505 | _aContenido: La bella y la bestia. | ||
| 650 |
_aCuentos Infantiles _93830 |
||
| 650 |
_aLiteratura infantil _9588 |
||
| 650 |
_aSiglo XXI _92856 |
||
| 650 |
_aFabulas _94606 |
||
| 700 |
_aRovira, Francesc (ilustracion) _933015 |
||
| 942 |
_2ddc _cLIBROS |
||
| 945 |
_acmm _d2019-04-22 |
||